Elementary mathematics for economists

Guardado en:
Detalles Bibliográficos
Autor principal: Dinwiddy, Caroline
Formato: Libro
Lenguaje:inglés
Publicado: Nairobi Oxford University Press 1979
Etiquetas: Agregar Etiqueta
Sin Etiquetas, Sea el primero en etiquetar este registro!

MARC

LEADER 00000nam a2200000 4500
001 c140341
005 20041019155318.6
041 0 |a eng 
044 |a KE 
245 1 0 |a Elementary mathematics for economists  |c Caroline Dinwiddy 
264 1 |a Nairobi  |b Oxford University Press  |c 1979 
300 |a 34 s. 
100 1 |a Dinwiddy, Caroline